Mixed Word: Jumble by Category III Quiz Stats

 Plays Quiz Updated Feb 2, 2016

Also try: Jumbled Sets II
Challenge
Share
Tweet
Embed
Score 0/20 Timer 04:00
2 Plays Today
Hint Answer % Correct
LAWL TREESTWall Street
95.9%
XSI TEFE DERUNSix Feet Under
95.5%
ETH RIECP SI GHIRTThe Price is Right
93.9%
VERLYBE LSLIH PCOBeverly Hills Cop
92%
LAKCB BATHBASBlack Sabbath
91.3%
UOMTNIAN WDEMountain Dew
90.9%
DINAIN CEANOIndian Ocean
90%
KLUH GNAOHHulk Hogan
87.8%
TAERG XPCEETASNTIOGreat Expectations
85.5%
AIULJ BRETSORJulia Roberts
85.1%
Hint Answer % Correct
HAMARBA LNOCNILAbraham Lincoln
84.6%
TETRB VREFABrett Favre
78.9%
SPAINCA AESCaspian Sea
78.2%
DREIW CISCENEWeird Science
74.9%
TRACOSESSocrates
69.1%
PTNOYRKKrypton
66.7%
OONARITOntario
58.8%
TNROUENNeutron
40.4%
NAVIOEHIvanhoe
35.4%
TRODIMEMetroid
30%

You're not logged in!

Compare scores with friends on all Sporcle quizzes.
OR
Log In

You Might Also Like...

Show Comments

Extras

Top Quizzes Today


Score Distribution

Your Account Isn't Verified!

In order to create a playlist on Sporcle, you need to verify the email address you used during registration. Go to your Sporcle Settings to finish the process.

Report this User

Report this user for behavior that violates our Community Guidelines.

Details: